| 000 | 00775nam a2200253 4500 | ||
|---|---|---|---|
| 001 | 46303 | ||
| 010 | _a9789720043825 | ||
| 021 | _b356421/13 | ||
| 090 | _a46303 | ||
| 100 | _a20141222e20142013m y0pory50030103ba | ||
| 101 | 1 | _apor | |
| 102 | _aPT | ||
| 200 | 1 |
_aInsurgente _fVeronica Roth _gtrad. Pedro Garcia Rosado |
|
| 205 |
_a1.ª ed. _bReimp. |
||
| 210 | 9 |
_aPorto _cPorto Editora, _d2014 |
|
| 215 |
_a374, [2] p. _d24 cm |
||
| 304 | _aTít. orig.: Insurgent | ||
| 675 |
_a821.111(73)-312.9"20" _vBN _zpor |
||
| 675 |
_a821.111(73)-93"20" _vBN _zpor |
||
| 700 | 1 |
_aRoth, _bVeronica, _f1988- |
|
| 702 | 1 |
_aRosado, _bPedro Garcia, _f1955- _4730 |
|
| 801 | 0 |
_aPT _bBN _gRPC |
|
| 856 | 4 | 1 | _uhttp://rnod.bnportugal.gov.pt/ImagesBN/winlibimg.aspx?skey=&doc=1891593&img=53865&save=true |
| 990 | _cLIVROS | ||